1420 1375 1876 1711 1447 1917 1165 1830 1659 1693 1674 1488 1240 1866 1497 1246 1131 1895 1028 1757 1739 1743 1434 1310 1280 1201 1046 1066 1103 1715 1994 1518 1582 1132 1017 1087 1562 1660 1402 1089 1974 1637 1979 1307 1635 1682 1983 1755 1612 1175 1775 1385 1092 1332 1015 1176 1712 1009 1516 1771 1338 1780 1653 1885 1421 1894 1322 1532 1324 1909 1286 1329 1898 1687 1655 1565 1911 1312 1880 1828 1256 1495 1000 1993 1892 1665 1986 1175 1331 1297 1320 1979 1207 1794 1487 1386 1342 1320 1909 BCNSPRNW ULIB Ver.6.0+V

เปลี่ยนเป็นภาษาไทย

Change to English
 แสดงรายละเอียดบรรณานุกรม
  กลับหน้าหลัก

Brief Record : Get Marc (ISO 2709) : E-mail record : QR code < ปิดหน้าต่าง
LEADER : 00000nam 2200000uu 4500
001    13399126520
003     ULIB
008    181004s2561||||th 000 0 tha d
020    ^a9789740317555
050  4 ^aH62 ^bส74ธ
100    ^aสุภางค์ จันทวานิช
245    ^aวิธีการวิจัยเชิงคุณภาพ /^cสุภางค์ จันทวานิช
250    ^aพิมพ์ครั้งที่ 24
260    ^aกรุงเทพฯ : ^bสำนักพิมพ์แห่งจุฬาลงกรณ์มหาวิทยาลัย, ^c2561
300    ^a233 หน้า
590    ^aPurchase-T-58
650    ^aวิจัยเชิงคุณภาพ
650    ^aวิจัย^zไทย
945    ^p125^l0^i26712
999    ^aกัณชพร จุลอักษร
รายการนี้ยังไม่มีแท็ก
คุณยังไม่ได้ล็อกอิน คุณสามารถมีกิจกรรมร่วมกับเว็บไซต์ได้ แต่ต้องล็อกอินก่อน ::
  ล็อกอิน

รายการสื่อสารสนเทศ

ลำดับที่ ประเภท เลขเรียก/บาร์โค้ด สถานที่ สถานะ
1. วิทยาศาสตร์การแพทย์ และสุขภาพ
วิทยาศาสตร์การแพทย์ และสุขภาพ
H62 ส74ธ ฉ.1 
  Barcode: 26712
ห้องสมุดวิทยาเขตสวรรค์ประชารักษ์
►หนังสือทั่วไป
บนชั้น

รายการใกล้เคียง
    ผู้แต่ง [สุภางค์ จันทวานิช]

    หัวเรื่อง [วิจัยเชิงคุณภาพ]

BibComment


ยังไม่เคยถูกคอมเมนท์

คอมเมนท์ทรัพยากรรายการนี้
  คอมเมนท์: วิธีการวิจัยเชิง..


 Copyright 2026. Bcnsprnw @Library